Online Catalogue and eLibrary

Marxism and the sociology of trade unionism (Record no. 2746)

MARC details
000 -LEADER
fixed length control field 00435nam a2200169Ia 4500
005 - DATE AND TIME OF LATEST TRANSACTION
control field 20240507062240.0
008 - FIXED-LENGTH DATA ELEMENTS--GENERAL INFORMATION
fixed length control field 240331s9999 xx 000 0 und d
020 ## - INTERNATIONAL STANDARD BOOK NUMBER
ISBN 0902818155
082 ## - DDC Classification
Item Number - Author Mark HYM
Class No. 331.8
100 ## - MAIN ENTRY--PERSONAL NAME
Personal name Hyman, Richard
245 #0 - TITLE STATEMENT
Title Marxism and the sociology of trade unionism
Statement of responsibility, etc. Richard, Hyman
250 ## - EDITION STATEMENT
Edition statement 1 st
260 ## - PUBLICATION, DISTRIBUTION, ETC.
Place of publication, distribution, etc. London
Name of publisher, distributor, etc. Pluto press limited
Date of publication, distribution, etc. 1971
300 ## - PHYSICAL DESCRIPTION
Extent (e.g. Volumes, Pages etc.) 53 p .,
650 ## - SUBJECT ADDED ENTRY--TOPICAL TERM
Topical term or geographic name entry element Economic
942 ## - Koha item type (Biblio)
Koha item type Books in Stacks (Lending)
Holdings
Lost status Damaged status Collection code Home library Current library Shelving location Date acquired Full call number Accession Number Item type
    Lending WERC Library WERC Library Social Science Cupboard 03/31/2024 331.8 HYM 146 Books in Stacks (Lending)

© WERC Library